Memoria de las oficinas del Departamento de Hacienda. (Registro nro. 183432)

Detalles MARC
000 -LEADER
campo de control de longitud fija 00579nas a2200193 i 4500
001 - NÚMERO DE CONTROL
campo de control 183432
003 - IDENTIFICADOR DE NÚMERO DE CONTROL
campo de control ES-MaACL
005 - FECHA Y HORA DE LA ÚLTIMA TRANSACCIÓN
campo de control 20250217134913.0
008 - DATOS DE LONGITUD FIJA--INFORMACIÓN GENERAL
campo de control de longitud fija 140421q18711879ag ar m | |spa d
080 ## - NÚMERO DE LA CLASIFICACIÓN DECIMAL UNIVERSAL
Número de la Clasificación Decimal Universal 354.21(821.2)(060.55)
110 1# - ENTRADA PRINCIPAL--NOMBRE DE ENTIDAD CORPORATIVA
Nombre de entidad corporativa o nombre de jurisdicción como elemento de entrada Argentina.
Unidad subordinada Ministerio de Hacienda de la Nación.
9 (RLIN) 174783
245 10 - MENCIÓN DEL TÍTULO
Título Memoria de las oficinas del Departamento de Hacienda.
260 ## - PUBLICACIÓN, DISTRIBUCIÓN, ETC.
Lugar de publicación, distribución, etc. Buenos Aires :
Nombre del editor, distribuidor, etc. [Ministerio de Hacienda,
Fecha de publicación, distribución, etc. 1871-1879]
300 ## - DESCRIPCIÓN FÍSICA
Extensión 9 v. ;
Dimensiones 26 cm.
310 ## - PERIODICIDAD ACTUAL
Periodicidad actual Anual
852 4# - LOCALIZACIÓN
Ubicación ES-MaACL
Número de control de estantería G-6841-49
866 #0 - MENCIÓN TEXTUAL DE FONDOS--UNIDAD BIBLIOGRÁFICA BÁSICA
Fondos 1871-79.
Existencias
Estatus retirado Estado de pérdida Estado de daño No para préstamo Colección Biblioteca de origen Biblioteca actual Ubicación en estantería Fecha de adquisición Fuente de adquisición Total de préstamos Signatura topográfica completa Código de barras Visto por última vez Precio de reemplazo Tipo de ítem Koha
        Periódicos y Revistas Biblioteca del Ateneo de Madrid Biblioteca del Ateneo de Madrid Depósito 2 31/07/2014     G-6841-49 1193004 23/02/2023 23/02/2023 Revista